Deutsche Gegner im Europapokal - Statistiken

Allgemein
  • Dieses Quiz wurde 79 mal gespielt
  • Das Durchschnittsergebnis liegt bei 162 aus 415
Antwortstatistiken
Nation Duelle Antwort % Korrekt
England 20 FC Liverpool
96%
England 17 Manchester City
96%
England 16 Manchester United
96%
England 20 FC Arsenal
93%
England 13 FC Chelsea
91%
England 17 Tottenham Hotspur
91%
Spanien 35 FC Barcelona
89%
Spanien 40 Real Madrid
89%
England 1 Queens Park Rangers
88%
Frankreich 1 SCO Angers
88%
Italien 21 AC Mailand
86%
Schottland 26 Glasgow Rangers
86%
Italien 27 Inter Mailand
86%
Frankreich 17 Paris Saint Germain
86%
Italien 17 AS Rom
84%
Portugal 27 Benfica Lissabon
84%
Schottland 17 Celtic Glasgow
84%
Niederlande 19 Feyenoord Rotterdam
84%
Italien 28 Juventus Turin
84%
Polen 5 Legia Warschau
84%
Frankreich 11 Olympique Marseille
84%
Spanien 4 Betis Sevilla
82%
Spanien 14 FC Sevilla
82%
Tschechien 10 Slavia Prag
82%
Tschechien 9 Sparta Prag
82%
Bulgarien 7 ZSKA Sofia
82%
Spanien 27 Atletico Madrid
81%
Dänemark 1 B 93 Kopenhagen
81%
Dänemark 8 FC Kopenhagen
81%
Portugal 19 FC Porto
81%
Spanien 13 FC Valencia
81%
Schweiz 8 FC Zürich
81%
Ungarn 9 Ferencvaros Budapest
81%
Schweiz 4 Grashopper Club Zürich
81%
Frankreich 17 Olympique Lyon
81%
Portugal 17 Sporting Lissabon
81%
Rumänien 9 Steaua Bukarest
81%
Russland 6 ZSKA Moskau
81%
Belgien 1 Cercle Brügge
79%
Ukraine 15 Dynamo Kiew
79%
Belgien 17 FC Brügge
79%
Österreich 11 FC Salzburg
79%
Ungarn 4 Honved Budapest
79%
Russland 5 Lokomotive Moskau
79%
Ungarn 2 MTK Budapest
79%
Ungarn 3 Ujpesti Dosza Budapest
79%
Ungarn 1 Vasas Budapest
79%
Niederlande 22 Ajax Amsterdam
77%
Bulgarien 1 Akademik Sofia
77%
Rumänien 1 AS Victoria Bukarest
77%
Schweiz 9 BSC Young Boys Bern
77%
Rumänien 1 CAA Bukarest
77%
Rumänien 5 Dinamo Bukarest
77%
Kroatien 9 Dinamo Zagreb
77%
Russland 4 Dynamo Moskau
77%
Österreich 10 FK Austria Wien
77%
Türkei 16 Galatasaray Istanbul
77%
Italien 9 Lazio Rom
77%
Bulgarien 1 Lewski 1913 Sofia
77%
Bulgarien 6 Lewski Spartak Sofia
77%
Bulgarien 2 Lokomotive Sofia
77%
Niederlande 19 PSV Eindhoven
77%
Rumänien 7 Rapid Bukarest
77%
Serbien 17 Roter Stern Belgrad
77%
Bulgarien 1 Slawia Sofia
77%
Russland 15 Spartak Moskau
77%
Rumänien 1 Sportul Studentesc Bukarest
77%
Italien 12 SSC Neapel
77%
Russland 6 Torpedo Moskau
77%
Bulgarien 1 ZFKA Sredez Sofia
77%
England 3 Newcastle United
75%
Griechenland 7 AEK Athen
74%
England 5 Aston Villa
74%
Schweiz 8 FC Basel
74%
Türkei 7 Fenerbahce Istanbul
74%
Griechenland 10 Panathinaikos Athen
74%
Belgien 4 KAA Gent
72%
Schweden 6 Malmö FF
72%
Ukraine 1 Metalurh Donezk
72%
Serbien 2 OFK Belgrad
72%
Serbien 7 Partizan Belgrad
72%
Belgien 19 RSC Anderlecht
72%
Ukraine 17 Schachtar Donezk
72%
Österreich 9 SK Rapid Wien
72%
England 8 West Ham United
72%
Italien 5 Atalanta Bergamo
70%
Türkei 8 Besiktas Istanbul
70%
Tschechien 5 FK Dukla Prag
70%
Slowakei 1 FK Inter Bratislava
70%
England 3 Leeds United
70%
Slowakei 5 Slovan Bratislava
70%
Frankreich 13 AS Monaco
68%
Tschechien 2 Bohemians Prag
68%
England 5 Nottingham Forest
68%
Frankreich 6 OSC Lille
68%
Belgien 4 Royal Antwerpen
68%
Russland 11 Zenit St. Petersburg
68%
Spanien 5 Espanyol Barcelona
67%
Belarus 2 FK Dinamo Minsk
67%
Frankreich 12 Girodins Bordeaux
67%
Polen 1 Gwardia Warschau
67%
Finnland 4 HJK Helsinki
67%
Schweden 6 IFK Göteborg
67%
Frankreich 3 OGC Nizza
67%
Spanien 6 Athletic Bilbao
65%
Irland 4 Bohemians Dublin
65%
Kroatien 3 Hajduk Split
65%
Belgien 4 KRC Genk
65%
Spanien 1 RCD Mallorca
65%
Tschechien 1 Skoda Pilsen
65%
Niederlande 3 Sparta Rotterdam
65%
Tschechien 4 Viktoria Pilsen
65%
Spanien 6 FC Villareal
63%
Lettland 1 FK RFS Riga
63%
Italien 5 Sampdoria Genua
63%
Portugal 8 Sporting Braga
63%
Schottland 9 FC Aberdeen
61%
England 4 FC Everton
61%
Spanien 1 FC Malaga
61%
Albanien 1 KS 17 Nentori Tirana
61%
Albanien 2 KS Dinamo Tirana
61%
Norwegen 1 Lyn Oslo
61%
Belgien 1 RFC Lüttich
61%
Österreich 5 SK Sturm Graz
61%
Belgien 13 Standard Lüttich
61%
Italien 6 AC Florenz
60%
Zypern 9 APOEL Nikosia
60%
Dänemark 11 Bröndby IF
60%
Wales 2 Cardiff City
60%
Frankreich 3 FC Nantes
60%
Israel 2 Hapoel Tel Aviv
60%
Zypern 1 Olympiakos Nikosia
60%
Zypern 3 Omonia Nikosia
60%
Frankreich 2 Racing Strassburg
60%
Italien 2 US Palermo
60%
Italien 6 AC Turin
58%
Israel 3 Maccabi Tel Aviv
58%
Griechenland 12 Olympiakos Piräus
58%
Norwegen 7 Rosenborg Trondheim
58%
Georgien 1 Ameri Tiflis
56%
Rumänien 1 CFR Cluj
56%
Georgien 5 Dinamo Tiflis
56%
Bosnien 2 FK Sarajevo
56%
Österreich 1 SK VOEST Linz
56%
Österreich 1 Wiener Sport Club
56%
Italien 5 AC Parma
54%
Norwegen 2 Brann Bergen
54%
Niederlande 10 FC Twente Enschede
54%
Spanien 5 Deportivo La Coruna
53%
Liechtenstein 1 FC Vaduz
53%
Island 1 Fram Reykjavik
53%
Island 4 Valur Reykjavik
53%
Polen 2 Wisla Krakau
53%
Italien 2 FC Bologna
51%
England 3 FC Fulham
51%
Polen 2 Lech Posen
51%
Schweiz 3 Servette Genf
51%
Israel 3 Maccabi Haifa
49%
Griechenland 6 PAOK Thessaloniki
49%
Frankreich 6 RC Lens
49%
Frankreich 1 SEC Bastia
49%
Niederlande 1 ADO Den Haag
47%
Slowenien 1 Interblock Ljubljana
47%
Slowenien 1 NK Olimpija Ljubljana
47%
Luxemburg 3 Spora Luxemburg
47%
Luxemburg 2 US Luxembourg
47%
Polen 4 Widzew Lodz
47%
Portugal 6 Boavista Porto
46%
Dänemark 1 B 1909 Odense
44%
Frankreich 2 FC Metz
44%
England 1 FC Southampton
44%
Frankreich 2 FC Toulouse
44%
Frankreich 1 HSC Montpellier
44%
Dänemark 3 Odense BK
44%
Polen 2 Slask Wroclaw
44%
Frankreich 2 Stade Rennes
44%
Italien 5 Udinese Calcio
44%
Griechenland 2 Aris Saloniki
42%
Niederlande 4 AZ Alkmaar
42%
Tschechien 1 FC Boby Brno
42%
Niederlande 2 FC Utrecht
42%
Griechenland 1 Iraklis Thessaloniki
42%
Slowenien 3 NK Maribor
42%
Russland 1 Rubin Kasan
42%
England 1 Sheffield Wednesday
42%
Tschechien 1 Spartak Brno
42%
Frankreich 1 Stade Brest
42%
Wales 3 Swansea Town
42%
Tschechien 1 TJ Zbrojovka Brno
42%
Frankreich 11 AS Saint Etienne
40%
Niederlande 2 FC Groningen
40%
Österreich 1 FC Tirol Innsbruck
40%
Spanien 3 Real Saragossa
40%
Moldau 1 Zimbru Chisinau
40%
Dänemark 2 Aarhus GF
39%
England 1 Blackburn Rovers
39%
Irland 1 Cork City
39%
Irland 2 Cork Hibernians
39%
Spanien 2 FC Getafe
39%
Türkei 3 Trabzonspor
39%
Frankreich 3 AJ Auxerre
37%
Spanien 3 Celta Vigo
37%
Schweiz 1 FC St. Gallen
37%
Schottland 5 Heart of Midlothian
37%
Schottland 1 Hibernian Edinburgh
37%
England 2 Ipswich Town
37%
Luxemburg 2 Jeunesse Esch
37%
Belgien 3 RoyaleUnion Saint Gilloise
37%
Ukraine 1 Tchernomorez Odessa
37%
Norwegen 1 FK Bodo Glimt
35%
Österreich 2 Wolfsberger AC
35%
Schottland 3 Dundee United
33%
Schottland 2 FC Dundee
33%
Kroatien 1 HNK Rijeka
33%
Ukraine 1 Karpaty Lwiw
33%
Ukraine 3 Metalist Charkiw
33%
England 1 Norwich City
33%
Niederlande 2 Roda JC Kerkrade
33%
Schweden 2 Helsingborgs IF
32%
Österreich 3 SSW Innsbruck
32%
Zypern 4 Anorthosis Famagusta
30%
Armenien 2 Ararat Jerewan
30%
Belarus 3 BATE Baryssau
30%
England 1 Bolton Wanderers
30%
Finnland 1 FC TPS Turku
30%
Russland 4 FK Krasnodar
30%
Bulgarien 2 Ludogorez Rasgrad
30%
Zypern 4 AEK Larnaka
28%
Luxemburg 1 Alliance Düdelingen
28%
Spanien 3 CA Osasuna
28%
Spanien 1 CD Teneriffa
28%
Schweiz 1 FC Thun
28%
Ukraine 3 FK Dnipro
28%
Russland 1 FK Rostow
28%
Portugal 1 Nacional Funchal
28%
Polen 1 Pogon Stettin
28%
Tschechien 1 Sigma Olmütz
28%
Russland 1 SKA Rostow
28%
England 1 Stoke City
28%
Bulgarien 1 Tscherno More Warna
28%
England 1 FC Middlesbrough
26%
Schweiz 4 FC Sion
26%
Tschechien 3 Slovan Liberec
26%
Bosnien 2 Velez Mostar
26%
Norwegen 6 Viking Stavanger
26%
Niederlande 1 Vitesse Arnheim
26%
Schweiz 2 Xamax Neuchatel
26%
Türkei 1 Altay Izmir
25%
Tschechien 9 Banik Ostrava
25%
Ungarn 1 Diosgyöri VTK Miskolc
25%
Dänemark 1 Esbjerg IF
25%
Dänemark 2 FC Midtjylland
25%
Frankreich 2 FC Sochaux Montbeliard
25%
Ungarn 3 Györi Vasas ETO
25%
Türkei 3 Istanbul Basaksehir
25%
Aserbaidschan 5 Qarabag Agdam
25%
Dänemark 4 Randers Freja
25%
Niederlande 3 SC Heerenveen
25%
Irland 2 Shamrock Rovers
25%
Rumänien 1 ACS Poli Timisoara
23%
Zypern 1 AEL Limassol
23%
Russland 1 Anschi Machatschkala
23%
Zypern 2 Apollon Limassol
23%
Portugal 2 Belenenses Lissabon
23%
Ungarn 1 Debreceni VSC
23%
Spanien 1 Deportivo Alaves
23%
Niederlande 2 FC Amsterdam
23%
Rumänien 1 FC Politehnica Timisoara
23%
Serbien 1 FK Radnicki Nis
23%
Norwegen 4 Molde FK
23%
Bulgarien 3 AFD Trakia Plovdiv
21%
Türkei 1 Antalyaspor
21%
Schweiz 1 FC Aarau
21%
Österreich 1 FC Admira/Wacker
21%
Tschechien 1 FK Teplice
21%
Polen 1 Gornik Zabrze
21%
Bulgarien 1 Lokomotive Plovdiv
21%
Niederlande 1 NAC Breda
21%
Niederlande 1 NEC Nijmegen
21%
Spanien 5 Real Sociedad San Sebastian
21%
Portugal 2 Vitoria Guimaraes
21%
Frankreich 1 AS Nancy
19%
Schottland 1 FC Motherwell
19%
Finnland 1 Lahden Reipas
19%
Frankreich 1 EA Guingamp
18%
England 1 FC Portsmouth
18%
Ukraine 2 Sorja Luhansk
18%
Spanien 1 Sporting Gijon
18%
Schweden 2 BK Häcken
16%
England 1 FC Burnley
16%
Rumänien 6 FC Universitatea Craiova
16%
England 1 FC Watford
16%
Belgien 1 KV Mechelen
16%
Spanien 1 Racing Santander
16%
Slowakei 1 Spartak Trnava
16%
Spanien 1 UD Levante
16%
England 1 West Bromwich Albion
16%
Island 1 FH Hafnarfjörour
14%
Polen 2 GKS Katowice
14%
Belgien 2 KSK Beveren
14%
Nordirland 1 Linfield FC
14%
Slowakei 1 MSK Zilina
14%
Griechenland 2 Asteras Tripolis
12%
Belarus 1 FK Homel
12%
Schweden 2 IFK Norrköping
12%
Belgien 2 Lierse SK
12%
Norwegen 2 Lillestrom SK
12%
Ungarn 1 Pecsi Munka SC
12%
Polen 4 Ruch Chorzow
12%
Portugal 1 Academica de Coimbra
11%
Belgien 2 KSV Waregem
11%
Belgien 1 KVC Westerlo
11%
Rumänien 2 Unirea Urziceni
11%
Finnland 1 FC Jazz Pori
9%
Lettland 1 FK Ventspils
9%
Rumänien 1 Gaz Metan Medias
9%
Portugal 1 GD Estoril Praia
9%
Nordirland 3 Glentoran FC
9%
Finnland 1 Haka Valkeakoski
9%
Bulgarien 2 Litex Lowetsch
9%
Norwegen 1 Odds BK
9%
Belgien 1 SC Lokeren
9%
Malta 1 Sliema Wanderers
9%
Norwegen 1 Start Kristiansand
9%
Wales 1 AFC Wrexham
7%
Schottland 1 FC Kilmarnock
7%
Serbien 1 FK TSC Backa Topola
7%
Belgien 1 Germinal Ekeren
7%
Schweden 3 Halmstads BK
7%
Schweden 1 Kalmar FF
7%
Belgien 1 K. Beerschot VAC
7%
Dänemark 1 Koge BK
7%
Finnland 1 Kuopion PS
7%
Schottland 1 Raith Rovers
7%
Belgien 2 RWD Molenbeek
7%
Rumänien 1 Steagul Rosu Brasov
7%
Irland 2 St. Patricks Athletic
7%
Portugal 1 Uniao Leiria
7%
England 4 Wolverhampton Wanderers
7%
Luxemburg 1 FC Avenir Beggen
5%
Schottland 1 FC St. Johnstone
5%
Serbien 1 FK Obilic
5%
Ukraine 1 FK Oleksandrija
5%
Schweden 1 Hammarby IF
5%
Dänemark 1 Hvidovre IF
5%
Island 3 IA Akranes
5%
Island 3 IBV Vestmannaeyja
5%
Polen 1 Odra Opole
5%
Schweden 1 Östers IF
5%
Schweden 1 Östersunds FK
5%
Ukraine 1 Tawrija Simferopol
5%
Ungarn 1 Videoton SC
5%
Portugal 2 Vitoria Setubal
5%
Griechenland 1 AE Larisa
4%
Wales 1 AFC Newport County
4%
Rumänien 1 AS Armata Targu Mures
4%
Schweden 2 Atvidabergs FF
4%
Rumänien 1 FC Bacau
4%
Malta 2 FC Floriana
4%
Malta 1 FC Zurrieq
4%
Kasachstan 1 FK Aqtöbe
4%
Slowakei 1 FK Dukla Banska Bystrica
4%
Lettland 1 FK Liepajas Metalurgs
4%
Aserbaidschan 2 FK Qebele
4%
Polen 2 FKS Stal Mielec
4%
Polen 1 GKS Tychy
4%
Nordirland 2 Glenavon FC
4%
Israel 1 Hapoel Beer Scheva
4%
Schweden 1 IK Brage
4%
Österreich 1 Kremser FC
4%
Albanien 1 KS Flamurtari Vlora
4%
Belgien 1 KSV Thor Waterschei
4%
Portugal 1 Leixoes SC
4%
Norwegen 2 Mjondalen IF
4%
Norwegen 2 Moss FK
4%
Dänemark 1 Naestved BK
4%
Slowenien 2 NK Domzale
4%
Schweden 2 Örgryte IS
4%
Rumänien 1 Petrolul Ploiești
4%
Finnland 1 Rovaniemi PS
4%
Türkei 1 Sakaryaspor
4%
Slowakei 1 TJ Plastika Nitra
4%
Irland 1 Waterford FC
4%
Ukraine 1 Worskla Poltawa
4%
Italien 1 AC Cesena
2%
Polen 1 Amica Wronki
2%
Nordirland 1 Ballymena United
2%
Bulgarien 1 Beroe Stara Sagora
2%
Dänemark 2 Boldklubben1903
2%
Nordirland 4 Coleraine FC
2%
Ukraine 1 Desna Tschernihiw
2%
Irland 2 Drumcondra FC
2%
Polen 1 Dyskobolia Grodzisk Wielkopolski
2%
Zypern 2 Enosis Neon Paralimni
2%
Türkei 1 Eskisehirspor
2%
Moldau 1 FC Nistru Otaci
2%
Tschechien 1 FK Drnovice
2%
Bulgarien 1 FK Etar Weliko Tarnowo
2%
Albanien 1 FK Kukesi
2%
Slowakei 1 FK Matador Puchov
2%
Serbien 1 FK Napredak Krusevac
2%
Portugal 1 GD da Quimigal Barreiro
2%
Dänemark 1 Holbaek B&I
2%
Island 1 IB Keflavik
2%
Schweden 1 IF Elsborg
2%
Dänemark 1 Kjobenhavns Boldklub
2%
Finnland 1 Kokollan Palloveikot
2%
Bulgarien 1 Marek Stanke Dimitrow
2%
Finnland 2 Mikkelin Palloilijat
2%
Kroatien 1 NK Kamen Ingrad Velika
2%
Nordmazedonien 1 Sileks Kratovo
2%
Russland 1 Spartak Wladikawkas
2%
Ungarn 1 Tatabanyai Banyasz SC
2%
Slowakei 2 Tatran Presov
2%
Slowakei 1 TJ DAC Dunajska Streda
2%
Keine übereinstimmenden Quizze gefunden
Verteilung der Resultate
Anzahl Personen mit jedem Resultat
Perzentil nach korrekt beantworteten Fragen
Ihre Resultats-Entwicklung
Sie haben dieses Quiz noch nicht gespielt